| 000 | 00000nam##2200000za#4500 |
| 001 | 9.581608 |
| 003 | CaOODSP |
| 005 | 20210624191609 |
| 007 | cr ||||||||||| |
| 008 | 150406|2015||||xxc|||||o f|0| 0 eng|d |
| 040 | |aCaOODSP|beng |
| 043 | |an-cn--- |
| 086 | 1 |aRv55-5/2015-006E-PDF |
| 110 | 2 |aCanada Border Services Agency. |
| 245 | 10|aPermanent importations using the 2015 Pan American and Parapan American Games Remission Order |h[electronic resource] |
| 260 | |aOttawa - Ontario : |bCanada Border Services Agency |
| 300 | |a2p. |
| 490 | 1 |aCustoms notice |v15-006, March 19, 2015 |
| 590 | |a15-13|b2015-03-27 |
| 775 | 08|tImportations permanentes - Décret de remise concernant les Jeux panaméricains et parapanaméricains de 2015 |w(CaOODSP)9.608380 |
| 830 | #0|aCustoms notice ;|v15-006, March 19, 2015|w(CaOODSP)9.504733 |
| 856 | 40|ahttp://publications.gc.ca|qPDF|s42 KB|uhttps://publications.gc.ca/collections/collection_2015/asfc-cbsa/Rv55-5-2015-006-eng.pdf|y15-006, March 19, 2015 |